Elementary physical education:curriculum and instruction (Record no. 153019)
[ view plain ]
| 000 -LEADER | |
|---|---|
| fixed length control field | 00595nam a2200229Ia 4500 |
| 008 - FIXED-LENGTH DATA ELEMENTS--GENERAL INFORMATION | |
| fixed length control field | 210210b2013 xxu||||| |||| 00| 0 eng d |
| 020 ## - INTERNATIONAL STANDARD BOOK NUMBER | |
| International Standard Book Number | 9781449657192 |
| 041 ## - LANGUAGE CODE | |
| Language code of text/sound track or separate title | eng |
| 082 ## - DEWEY DECIMAL CLASSIFICATION NUMBER | |
| Classification number | 372.86 ROVE |
| 100 ## - MAIN ENTRY--PERSONAL NAME | |
| Personal name | ROVEGNO (Inez) |
| 245 ## - TITLE STATEMENT | |
| Title | Elementary physical education:curriculum and instruction |
| 260 ## - PUBLICATION, DISTRIBUTION, ETC. | |
| Place of publication, distribution, etc. | Burlington |
| Name of publisher, distributor, etc. | Jones & Bartlett |
| Date of publication, distribution, etc. | 2013 |
| 300 ## - PHYSICAL DESCRIPTION | |
| Extent | xx,872 |
| 650 ## - SUBJECT ADDED ENTRY--TOPICAL TERM | |
| Topical term or geographic name entry element | physical |
| 650 ## - SUBJECT ADDED ENTRY--TOPICAL TERM | |
| Topical term or geographic name entry element | instruction |
| 650 ## - SUBJECT ADDED ENTRY--TOPICAL TERM | |
| Topical term or geographic name entry element | Elementary |
| 650 ## - SUBJECT ADDED ENTRY--TOPICAL TERM | |
| Topical term or geographic name entry element | education:curriculum |
| 650 ## - SUBJECT ADDED ENTRY--TOPICAL TERM | |
| Topical term or geographic name entry element | and |
| 690 ## - LOCAL SUBJECT ADDED ENTRY--TOPICAL TERM (OCLC, RLIN) | |
| Topical term or geographic name as entry element | Physical Education |
| 700 ## - ADDED ENTRY--PERSONAL NAME | |
| Personal name | BANDHAUER (Dianna) |
| 906 ## - LOCAL DATA ELEMENT F, LDF (RLIN) | |
| a | 068923 |
| Withdrawn status | Lost status | Source of classification or shelving scheme | Damaged status | Not for loan | Collection code | Home library | Current library | Date acquired | Source of acquisition | Cost, normal purchase price | Total Checkouts | Full call number | Barcode | Date last seen | Price effective from | Koha item type |
|---|---|---|---|---|---|---|---|---|---|---|---|---|---|---|---|---|
| Dewey Decimal Classification | Reference Book | Games & Sports | St Aloysius Library | St Aloysius Library | 02/17/2021 | Intact Bookhouse Pvt Ltd | 10947.74 | 372.86 ROVE | 068923 | 02/17/2021 | 02/17/2021 | Book |